00741nam a22002295i 450000100060000000300090000600500170001500700030003200800410003501700160007602000180009204000220011008000100013210000330014224501170017526000570029230000280034949000450037765000260042283000420044885200210049011009ES-MaACL20250808062709.0t|941115s1994 sp ||||0| spa j aM 8415-1994 a84-7914-123-9 aM-BN bspa cM-BN a248.11 aCabodevilla, José María.10aHacerse como niños b: necesidad para los sabios y escándalo para los justos / cJosé María Cabodevilla. aMadrid : bBiblioteca de Autores Cristianos, c1994. a304 p., 1 h. ; c20 cm.1 aBiblioteca de autores cristianos ; v53817aVida cristiana2embne00aBiblioteca de autores cristianosv538 aES-MaACLjJ-525